IFM Opac

GREAT BRITAIN STATUTES COMPANIES (Record no. 17113)

MARC details
000 -LEADER
fixed length control field 00394nam a22001337a 4500
082 ## - DEWEY DECIMAL CLASSIFICATION NUMBER
Classification number 346.066GRE
100 ## - MAIN ENTRY--PERSONAL NAME
Personal name GREAT BRITAIN STATUTES COMPANIES
245 ## - TITLE STATEMENT
Title GREAT BRITAIN STATUTES COMPANIES
260 ## - PUBLICATION, DISTRIBUTION, ETC.
Place of publication, distribution, etc. LONDON
Name of publisher, distributor, etc. HER MAJESTYS STAATIONERY OFFICE
Date of publication, distribution, etc. 1970
300 ## - PHYSICAL DESCRIPTION
Extent vii;136p
Other physical details ill,23cm
650 ## - SUBJECT ADDED ENTRY--TOPICAL TERM
Topical term or geographic name entry element GREAT BRITAIN STATUTES COMPANIES
700 ## - ADDED ENTRY--PERSONAL NAME
Personal name GREAT BRITAIN STATUTES COMPANIES
942 ## - ADDED ENTRY ELEMENTS (KOHA)
Koha item type Books
Holdings
Withdrawn status Lost status Source of classification or shelving scheme Damaged status Not for loan Home library Current library Shelving location Date acquired Full call number Barcode Date last seen Price effective from Koha item type
    Dewey Decimal Classification     IFM Main Campus Library IFM Main Campus Library   07/28/2017 346.066GRE 0000008412 07/28/2017 07/28/2017 Books